Footballeurs en Gros Plan - Statistiques

Statistiques générales
  • Ce quiz a été pris 193 fois
  • Le résultat moyen est 13 sur 18
Statistiques - réponses
Par images Réponse % Correct
Cristiano Ronaldo
100%
Kylian Mbappé
100%
Lionel Messi
100%
Erling Haaland
98%
Kevin De Bruyne
93%
Robert Lewandowski
90%
Sergio Ramos
89%
Thierry Henry
89%
Franck Ribéry
88%
Luka Modrić
88%
Zlatan Ibrahimović
82%
Didier Drogba
71%
Kaká
61%
Paolo Maldini
47%
David Beckham
32%
George Best
27%
Michel Platini
15%
Rafael van der Vaart
2%
Aucun quiz correspondant
Distribution des résultats
% des personnes avec chaque résultat
Percentile par nombre de réponses
Votre historique - résultats
Vous n’avez pas pris ce quiz